[Event "XXXIV Festival A"]
[Site "Arco ITA"]
[Date "2012.10.18"]
[Round "6"]
[White "Barlocco, Carlo"]
[Black "Hilbenz, Guntram"]
[WhiteElo "2086"]
[BlackElo "1897"]
[Result "1-0"]
[PlyCount "51"]
[EventDate "2012.10.13"]

1. e4 d6 2. d4 Nf6 3. Nc3 e5 4. Nf3 exd4 5. Nxd4 Be7 6. Be2 O-O 7. O-O c5 8.
Nb3 Nc6 9. Bf4 Be6 10. Bf3 a5 11. a3 a4 12. Nc1 Nd4 13. e5 dxe5 14. Bxe5 Qb6
15. Nd3 Rfd8 16. Bxd4 Rxd4 17. Qc1 Rh4 18. g3 Rh6 19. Qe3 Bd6 20. Rfd1 Ng4 21.
Bxg4 Bxg4 22. f3 Re6 23. Qf2 Rf6 24. Nd5 Qc6 25. Nxf6+ gxf6 26. fxg4 1-0

[Event "XXXIV Festival A"]
[Site "Arco ITA"]
[Date "2012.10.18"]
[Round "6"]
[White "Bernardi, Ruben"]
[Black "Rizzoli, Aluna"]
[WhiteElo "2114"]
[BlackElo "1868"]
[Result "0-1"]
[PlyCount "126"]
[EventDate "2012.10.13"]

1. e4 d5 2. exd5 Nf6 3. Nf3 Nxd5 4. c4 Nb6 5. c5 Nd5 6. d4 b6 7. cxb6 axb6 8.
Nc3 e6 9. Ne5 Bb7 10. Qh5 g6 11. Qf3 f6 12. Ng4 Bb4 13. Bb5+ Bc6 14. O-O O-O
15. a3 Nxc3 16. Bxc6 Nxc6 17. bxc3 Nxd4 18. cxd4 f5 19. Ne3 Bc3 20. Rb1 Bxd4
21. Nc2 Bf6 22. Rd1 Qe7 23. Qb3 Rfd8 24. Re1 Kf7 25. Nb4 Qe8 26. Bf4 c5 27. Nd3
Ra4 28. Ne5+ Kg7 29. Qg3 h6 30. Rxb6 g5 31. Rb7+ Kg8 32. Qh3 Rxf4 33. Qxh6 Bxe5
34. Qxg5+ Kf8 35. g3 Rg4 36. Qe3 Bd4 37. Qh6+ Bg7 38. Qxe6 Qxe6 39. Rxe6 Re4
40. Rc6 Bd4 41. Rcc7 f4 42. Rf7+ Kg8 43. gxf4 Rf8 44. Rxf8+ Kxf8 45. Kg2 Rxf4
46. f3 Rf6 47. Rc7 Ra6 48. Kh3 Rxa3 49. Kg4 Ra6 50. h4 Rg6+ 51. Kf5 Rf6+ 52.
Kg4 Rf7 53. Rc8+ Ke7 54. f4 Kd7 55. Rb8 Ke6 56. h5 Rxf4+ 57. Kg5 Bf6+ 58. Kg6
Rg4+ 59. Kh7 c4 60. Rc8 Kd7 61. Rc5 Kd6 62. Rc8 Rg7+ 63. Kh6 Rc7 0-1

[Event "XXXIV Festival A"]
[Site "Arco ITA"]
[Date "2012.10.18"]
[Round "6"]
[White "Blasco, Domenico"]
[Black "Roth, Peter"]
[WhiteElo "1920"]
[BlackElo "2226"]
[Result "1/2-1/2"]
[PlyCount "126"]
[EventDate "2012.10.13"]

1. d4 g6 2. Nf3 Bg7 3. e4 d6 4. Nc3 Nf6 5. Be3 Ng4 6. Bg5 f6 7. Bh4 Nh6 8. Qd2
Nf7 9. Bc4 c6 10. a4 Na6 11. Rd1 Nc7 12. O-O a6 13. Rfe1 b5 14. axb5 axb5 15.
Bb3 O-O 16. Bg3 e6 17. Qe2 Qe7 18. d5 cxd5 19. exd5 e5 20. Nd4 f5 21. Nc6 Qf6
22. f3 g5 23. Ra1 Bd7 24. Nxb5 Nxb5 25. Qxb5 Rxa1 26. Rxa1 g4 27. fxg4 f4 28.
Rf1 Qg5 29. Be1 Bxg4 30. Bd2 Nh6 31. Qb4 Nf5 32. Qe4 Nh4 33. Bc4 Kh8 34. Bd3
Bf5 35. Qe2 Bg4 36. Qf2 Nf5 37. b4 Bh6 38. b5 Ne3 39. Ra1 Nxd5 40. b6 Bc8 41.
Ra7 Nf6 42. b7 Bxb7 43. Rxb7 e4 44. Qd4 exd3 45. Qxd3 Rg8 46. Qf3 Qc5+ 47. Kf1
Qxc2 48. Bc3 Bg7 49. Ne7 Re8 50. g3 Rf8 51. gxf4 Qxh2 52. f5 Qh5 53. Qxh5 Nxh5
54. Bxg7+ Nxg7 55. f6 Rxf6+ 56. Kg2 h5 57. Rd7 Re6 58. Kf3 h4 59. Kg4 Rh6 60.
Kg5 Re6 61. Ng6+ Kg8 62. Rd8+ Ne8 63. Nxh4 Re5+ 1/2-1/2

[Event "XXXIV Festival A"]
[Site "Arco ITA"]
[Date "2012.10.18"]
[Round "6"]
[White "Bonagura, Stefano"]
[Black "Coolen, Marlo"]
[WhiteElo "2172"]
[BlackElo "1873"]
[Result "1-0"]
[PlyCount "59"]
[EventDate "2012.10.13"]

1. c4 Nf6 2. g3 c6 3. Bg2 e6 4. Nf3 d5 5. O-O Be7 6. b3 O-O 7. Bb2 Nbd7 8. Nc3
Nb6 9. d3 a5 10. e3 a4 11. Rb1 axb3 12. axb3 Nfd7 13. Qc2 Nb8 14. e4 Na6 15.
Qe2 Nb4 16. d4 h6 17. Rfd1 Re8 18. Ne5 Bf8 19. Qh5 Qe7 20. Qe2 g6 21. Ra1 Na6
22. Ba3 Qf6 23. Ng4 Qg7 24. e5 Kh8 25. Bc1 g5 26. c5 Nd7 27. h4 Be7 28. hxg5
hxg5 29. Be3 f5 30. Nf6 1-0

[Event "XXXIV Festival A"]
[Site "Arco ITA"]
[Date "2012.10.18"]
[Round "6"]
[White "Bondielli, Giorgio"]
[Black "Oppici, Gabriele"]
[WhiteElo "1849"]
[BlackElo "1961"]
[Result "0-1"]
[PlyCount "66"]
[EventDate "2012.10.13"]

1. e4 Nc6 2. d4 e5 3. Nf3 exd4 4. Nxd4 Bb4+ 5. c3 Bc5 6. Be3 Bb6 7. Nd2 Nf6 8.
Bd3 Ne5 9. Be2 d6 10. f3 O-O 11. O-O Bd7 12. Nc4 Nxc4 13. Bxc4 Qe7 14. Nc2 Be6
15. Bb3 Rad8 16. Bxb6 axb6 17. Qe2 Rfe8 18. Rfe1 Nh5 19. Qe3 Qf6 20. g3 Bh3 21.
Qf2 Qg6 22. Kh1 Bd7 23. Nd4 Kh8 24. Bc2 Qh6 25. Rad1 g6 26. Bb3 Re7 27. Nc2
Rde8 28. Ne3 Nf6 29. Nd5 Nxd5 30. exd5 Qg5 31. c4 Qf6 32. Rxe7 Qxe7 33. Rd2 Bh3
0-1

[Event "XXXIV Festival A"]
[Site "Arco ITA"]
[Date "2012.10.18"]
[Round "6"]
[White "Bortolotti, Silvano"]
[Black "Bisignano, Giuseppe"]
[WhiteElo "1770"]
[BlackElo "1891"]
[Result "0-1"]
[PlyCount "74"]
[EventDate "2012.10.13"]

1. e4 e5 2. Nf3 d6 3. d4 exd4 4. Qxd4 Nc6 5. Bb5 Bd7 6. Bxc6 Bxc6 7. O-O Qf6 8.
Qe3 Nh6 9. e5 dxe5 10. Qxe5+ Be7 11. Qxf6 Bxf6 12. Re1+ Kf8 13. Ng5 Rd8 14. Nc3
g6 15. Nge4 Bg7 16. Bg5 Re8 17. Nf6 Rxe1+ 18. Rxe1 Bxf6 19. Bxf6 Rg8 20. Bd8
Kg7 21. Bxc7 Nf5 22. g4 Nh4 23. Re3 Nf3+ 24. Kf1 Rc8 25. Bg3 b5 26. b4 a6 27.
Ke2 Ng1+ 28. Kf1 Nf3 29. Ke2 Nd4+ 30. Kd3 Ne6 31. Kd2 Bb7 32. Be5+ f6 33. Bd6
Kf7 34. Rd3 Rc4 35. f3 Nd4 36. Bc5 Nxf3+ 37. Ke3 Ne5 0-1

[Event "XXXIV Festival A"]
[Site "Arco ITA"]
[Date "2012.10.18"]
[Round "6"]
[White "Bruno, Elio"]
[Black "Traversi, Carlo"]
[WhiteElo "1618"]
[BlackElo "1570"]
[Result "0-1"]
[PlyCount "82"]
[EventDate "2012.10.13"]

1. e4 Nc6 2. d4 e5 3. Nf3 exd4 4. Nxd4 Bc5 5. Nf5 Qf6 6. c3 g6 7. Ne3 Nge7 8.
Bc4 Ne5 9. O-O Nxc4 10. Nxc4 O-O 11. Kh1 d6 12. b4 Bb6 13. a4 a5 14. b5 Bc5 15.
f4 Be6 16. e5 Qh4 17. Nbd2 Nf5 18. Qe1 Qg4 19. Ne4 Qh4 20. Qxh4 Nxh4 21. Nf6+
Kg7 22. Nd2 dxe5 23. fxe5 Rad8 24. h3 Rd3 25. Nde4 Bb6 26. Ba3 Rc8 27. Be7 Nf5
28. Kh2 Nxe7 29. Ng5 Bf5 30. Ngxh7 Rh8 31. g4 Rd2+ 32. Kg3 Be6 33. Rf3 Rxh7 34.
Nxh7 Kxh7 35. h4 Re2 36. Kf4 Nd5+ 37. Kg3 Re3 38. Rc1 Rxf3+ 39. Kxf3 Ne3 40. g5
Nc4 41. Rd1 Bg4+ 0-1

[Event "XXXIV Festival A"]
[Site "Arco ITA"]
[Date "2012.10.18"]
[Round "6"]
[White "Bruno, Fabio"]
[Black "Kveinys, Aloyzas"]
[WhiteElo "2416"]
[BlackElo "2526"]
[Result "1/2-1/2"]
[PlyCount "49"]
[EventDate "2012.10.13"]

1. d4 Nf6 2. c4 e6 3. Nc3 Bb4 4. e3 O-O 5. Bd3 c5 6. Nf3 d5 7. O-O cxd4 8. exd4
dxc4 9. Bxc4 Nbd7 10. Re1 b6 11. Qb3 Bxc3 12. bxc3 Bb7 13. Ba3 Re8 14. Be2 Qc7
15. c4 Rac8 16. Bf1 Ng4 17. h3 Bxf3 18. hxg4 Bb7 19. Bb2 Qf4 20. f3 h6 21. Rad1
Red8 22. Bc1 Qf6 23. Bb2 Qf4 24. Bc1 Qf6 25. Bb2 1/2-1/2

[Event "XXXIV Festival A"]
[Site "Arco ITA"]
[Date "2012.10.18"]
[Round "6"]
[White "Castagna, Celestino"]
[Black "Mulone, Gaspare"]
[WhiteElo "1722"]
[BlackElo "1590"]
[Result "1-0"]
[PlyCount "57"]
[EventDate "2012.10.13"]

1. c4 c5 2. Nc3 e5 3. g3 Nc6 4. Bg2 Nf6 5. d3 Be7 6. e4 O-O 7. Nge2 Nd4 8. Nxd4
cxd4 9. Ne2 Bb4+ 10. Bd2 Qa5 11. a3 Bxd2+ 12. Qxd2 Qxd2+ 13. Kxd2 d6 14. h3 b6
15. f4 Nd7 16. b4 a5 17. f5 axb4 18. axb4 Bb7 19. g4 Rxa1 20. Rxa1 Ra8 21.
Rxa8+ Bxa8 22. g5 Bc6 23. b5 Bb7 24. h4 f6 25. Bh3 Nc5 26. Ng3 Bc8 27. Nh5 fxg5
28. hxg5 g6 29. Nf6+ 1-0

[Event "XXXIV Festival A"]
[Site "Arco ITA"]
[Date "2012.10.18"]
[Round "6"]
[White "Catalfamo, Santo"]
[Black "Schiappoli, Dario"]
[WhiteElo "1762"]
[BlackElo "1933"]
[Result "0-1"]
[PlyCount "36"]
[EventDate "2012.10.13"]

1. b3 e5 2. Bb2 Nc6 3. e3 d5 4. Bb5 Bd6 5. Bxc6+ bxc6 6. f4 f6 7. fxe5 fxe5 8.
d3 Qh4+ 9. g3 Qh6 10. Qd2 Nf6 11. Nc3 O-O 12. O-O-O Ng4 13. Nge2 Nf2 14. Rhf1
Bh3 15. Ng1 Bxf1 16. Rxf1 Qxh2 17. Qe1 Qg2 18. Nge2 Nxd3+ 0-1

[Event "XXXIV Festival A"]
[Site "Arco ITA"]
[Date "2012.10.18"]
[Round "6"]
[White "Cautiero, Pietro"]
[Black "Martinez, Guido"]
[WhiteElo "1714"]
[BlackElo "1843"]
[Result "1-0"]
[PlyCount "37"]
[EventDate "2012.10.13"]

1. d4 Nf6 2. Nc3 g6 3. e4 d6 4. f4 e6 5. Nf3 Bg7 6. Bd3 O-O 7. O-O c5 8. e5 Nd5
9. Ne4 dxe5 10. dxe5 Qc7 11. Nd6 Rd8 12. c4 Nb4 13. Bb1 N4a6 14. Ng5 f6 15.
Nxh7 fxe5 16. fxe5 Bxe5 17. Bxg6 Qxd6 18. Qh5 Bxh2+ 19. Kh1 1-0

[Event "XXXIV Festival A"]
[Site "Arco ITA"]
[Date "2012.10.18"]
[Round "6"]
[White "De Eccher, Stefano"]
[Black "Knors, Rudi"]
[WhiteElo "2230"]
[BlackElo "2112"]
[Result "1-0"]
[PlyCount "95"]
[EventDate "2012.10.13"]

1. e4 c6 2. d4 d5 3. Nc3 dxe4 4. Nxe4 Nd7 5. Nf3 Ngf6 6. Ng3 e6 7. Bd3 c5 8.
O-O Qc7 9. Re1 cxd4 10. Nxd4 Nc5 11. Bb5+ Bd7 12. Bxd7+ Qxd7 13. c3 Be7 14. Qe2
O-O 15. Bg5 Rfe8 16. Rad1 Qc7 17. Bxf6 Bxf6 18. Nh5 Rad8 19. Nxf6+ gxf6 20. Qh5
Nd7 21. Nb5 Qc5 22. Qg4+ Kf8 23. Nd6 Ne5 24. Nxb7 Rxd1 25. Qxd1 Qb6 26. Qd6+
Qxd6 27. Nxd6 Rd8 28. Ne4 f5 29. Ng3 Ng4 30. f3 Nf6 31. Kf2 Nd5 32. Rd1 Rb8 33.
Rd2 Nf4 34. Ne2 Rxb2 35. Rxb2 Nd3+ 36. Ke3 Nxb2 37. Kd4 Ke7 38. c4 Kd6 39. Kc3
Na4+ 40. Kb4 Nc5 41. Nd4 a6 42. Ka5 Nd3 43. Kb6 Nc5 44. Nb3 Nd7+ 45. Kxa6 Kc6
46. Ka5 e5 47. Kb4 f6 48. a4 1-0

[Event "XXXIV Festival A"]
[Site "Arco ITA"]
[Date "2012.10.18"]
[Round "6"]
[White "De Nisi, Giuseppe"]
[Black "Casagrande, Fabio"]
[WhiteElo "1816"]
[BlackElo "1981"]
[Result "0-1"]
[PlyCount "140"]
[EventDate "2012.10.13"]

1. d4 Nf6 2. c4 e6 3. Nc3 Bb4 4. a3 Bxc3+ 5. bxc3 Ne4 6. Bf4 f5 7. f3 Nf6 8.
Qc2 c5 9. e4 fxe4 10. fxe4 cxd4 11. cxd4 O-O 12. Nf3 d5 13. Bg5 dxe4 14. Bxf6
Rxf6 15. Qxe4 Qa5+ 16. Kf2 Nc6 17. Bd3 Qd2+ 18. Kg1 Qh6 19. h4 Rf4 20. Qe3 Qf6
21. Rd1 Bd7 22. Kh2 Ne7 23. Rhf1 Bc6 24. d5 exd5 25. g3 dxc4 26. Bxh7+ Kh8 27.
Qxf4 Qxf4 28. gxf4 Kxh7 29. Ne5 Ba4 30. Rd4 Nf5 31. Rd2 c3 32. Rdf2 Rc8 33. Rc1
Nd4 34. Rg2 Nb3 35. Rcg1 Rc7 36. Rg5 Be8 37. Nd3 c2 38. Nc1 Nd2 39. R5g3 Bc6
40. Kh3 Be4 41. Re1 Bf5+ 42. Kg2 Rd7 43. Rc3 Nb1 44. Rc5 g6 45. h5 Rd2+ 46. Kg1
Rd1 47. hxg6+ Kxg6 48. Kf2 Nxa3 49. Na2 b5 50. Ree5 Bd7 51. Red5 Rxd5 52. Rxd5
Be6 53. Rd6 Kf5 54. Nc1 b4 55. Rd4 a5 56. Ke1 b3 57. Nxb3 Bxb3 58. Kd2 Nb1+ 59.
Kc1 Nc3 60. Kb2 Ne2 61. Rc4 Bxc4 62. Kxc2 Nxf4 63. Kc3 Bb5 64. Kb3 Ke4 65. Ka3
Kd3 66. Ka2 Kc2 67. Ka3 Kb1 68. Kb3 a4+ 69. Ka3 Ne2 70. Kb4 Kb2 0-1

[Event "XXXIV Festival A"]
[Site "Arco ITA"]
[Date "2012.10.18"]
[Round "6"]
[White "De Nisi, Roberta"]
[Black "La Manna, Andrea"]
[WhiteElo "1926"]
[BlackElo "2193"]
[Result "0-1"]
[PlyCount "60"]
[EventDate "2012.10.13"]

1. c4 f5 2. Nc3 Nf6 3. g3 g6 4. Bg2 Bg7 5. Nf3 O-O 6. O-O d6 7. d3 Nc6 8. Rb1
a5 9. a3 Nh5 10. Bd2 f4 11. b4 axb4 12. axb4 Bg4 13. Qb3 Bxf3 14. c5+ Kh8 15.
Bxf3 Nd4 16. Qc4 Nxf3+ 17. exf3 c6 18. Ne2 d5 19. Qb3 e5 20. Bc3 Qg5 21. Kg2
fxg3 22. fxg3 Qe3 23. Nc1 d4 24. Bb2 Nf6 25. b5 Nd5 26. Qd1 Qg5 27. Qe2 Nf4+
28. Kh1 Nxe2 29. Nxe2 Qd2 30. Nc1 Qc2 0-1

[Event "XXXIV Festival A"]
[Site "Arco ITA"]
[Date "2012.10.18"]
[Round "6"]
[White "De Santis, Alessio"]
[Black "Popa, Claudiu"]
[WhiteElo "2294"]
[BlackElo "2139"]
[Result "1/2-1/2"]
[PlyCount "226"]
[EventDate "2012.10.13"]

1. Nf3 Nf6 2. c4 e6 3. Nc3 d5 4. e3 c5 5. cxd5 exd5 6. d4 Nc6 7. Be2 Bd6 8.
dxc5 Bxc5 9. a3 a5 10. O-O O-O 11. Qc2 Qe7 12. Rd1 Rd8 13. Nb5 Ne4 14. Nfd4
Nxd4 15. exd4 Bb6 16. f3 Nd6 17. Bf4 Nxb5 18. Bxb5 Be6 19. Qd2 Rdc8 20. Rac1
Rxc1 21. Rxc1 Rc8 22. Rxc8+ Bxc8 23. Qc3 Bd7 24. Bf1 Qf6 25. Be3 h6 26. Be2 Qd6
27. g3 Qc6 28. Kf2 Qd6 29. Bf4 Qf6 30. Be3 Qd6 31. Bd1 Qc6 32. Bc2 Qxc3 33.
bxc3 Bd8 34. Bb3 Be6 35. Bf4 b5 36. Bd6 g5 37. Ke3 Kg7 38. Bc5 Kf6 39. Bf8 h5
40. Bd6 Bb6 41. Ba2 Bd8 42. Bb3 Bb6 43. Ba2 Bd8 44. Kf2 Bb6 45. Kg2 Bd8 46. h3
Kg6 47. g4 hxg4 48. hxg4 f6 49. Kg3 Kf7 50. f4 gxf4+ 51. Kxf4 Be7 52. Bxe7 Kxe7
53. Bb1 Bd7 54. Bf5 Be8 55. Bc8 Bg6 56. Bf5 Be8 57. g5 fxg5+ 58. Ke5 Bf7 59.
Bg4 Bg8 60. Be2 Be6 61. Bxb5 g4 62. Kf4 Kd6 63. Be2 Bd7 64. Bxg4 Bb5 65. Bh5
Ba6 66. Be8 Bc4 67. Ba4 Ba6 68. Kf5 Bf1 69. Kf4 Ba6 70. Ke3 Bf1 71. Bc2 Bh3 72.
Bd3 Be6 73. Kd2 Bf7 74. Bb5 Be6 75. Kc2 Kc7 76. Kb3 Kb6 77. Be2 Bf7 78. Bf3 Be6
79. Be2 Bf7 80. c4 dxc4+ 81. Bxc4 Be8 82. Bd5 Kb5 83. Bc4+ Kb6 84. Bd3 Bf7+ 85.
Kc3 Bd5 86. Bg6 Ba2 87. Be8 Bd5 88. Kd3 Kc7 89. Bb5 Ba2 90. Bc4 Bb1+ 91. Kc3
Kc6 92. Kd2 Bg6 93. Ke3 Kd6 94. Bd3 Bf7 95. Be4 Ba2 96. Kd2 Kc7 97. Kc3 Kb6 98.
Bd3 Bf7 99. Bc4 Bg6 100. Be6 Bb1 101. Bf7 Kc7 102. Bb3 Bg6 103. Kc4 Bf7+ 104.
Kc3 Bg6 105. Be6 Bb1 106. Kb3 Kb6 107. d5 Kc5 108. Ka4 Kb6 109. Kb3 Kc5 110.
Bf7 Be4 111. d6 Kxd6 112. Ka4 Kc6 113. Kxa5 Kb7 1/2-1/2

[Event "XXXIV Festival A"]
[Site "Arco ITA"]
[Date "2012.10.18"]
[Round "6"]
[White "Del Nevo, Claudio"]
[Black "Simeone, Giulio"]
[WhiteElo "1821"]
[BlackElo "1928"]
[Result "0-1"]
[PlyCount "58"]
[EventDate "2012.10.13"]

1. d4 g6 2. Nf3 Bg7 3. Bg5 c5 4. c3 cxd4 5. Nxd4 Nc6 6. e3 Nf6 7. Bxf6 Bxf6 8.
Bd3 O-O 9. Qc2 d5 10. Nd2 e5 11. Nxc6 bxc6 12. O-O e4 13. Be2 Be5 14. f3 Qb6
15. Kf2 Bf4 16. fxe4 Qxe3+ 17. Ke1 Ba6 18. c4 dxc4 19. Nxc4 Bxc4 20. Qxc4 Rad8
21. Rf3 Qg1+ 22. Bf1 Qxh2 23. Rh3 Qg1 24. Rd3 Rxd3 25. Qxd3 Bg5 26. Qg3 Bf6 27.
Rb1 Rd8 28. b4 Qd4 29. Qf4 Bh4+ 0-1

[Event "XXXIV Festival A"]
[Site "Arco ITA"]
[Date "2012.10.18"]
[Round "6"]
[White "Di Lazzaro, Gabriele"]
[Black "Roversi, Stefano"]
[WhiteElo "1888"]
[BlackElo "1767"]
[Result "1-0"]
[PlyCount "77"]
[EventDate "2012.10.13"]

1. d4 Nf6 2. Nc3 d5 3. Bg5 e6 4. e4 Be7 5. e5 Nfd7 6. Bxe7 Qxe7 7. Qh5 Nc6 8.
Nf3 a6 9. O-O-O b5 10. Qg4 O-O 11. Bd3 h6 12. h4 Nb6 13. Rh3 Nb4 14. Rg3 Nxd3+
15. cxd3 g6 16. Qf4 Kg7 17. Nh2 h5 18. Nf3 b4 19. Ne2 c5 20. dxc5 Qxc5+ 21. Kb1
Qe7 22. Qe3 Na4 23. Nf4 Rh8 24. Rg5 Bd7 25. Rg1 Rac8 26. g4 Nc3+ 27. Ka1 hxg4
28. R5xg4 Kf8 29. h5 Be8 30. hxg6 fxg6 31. Rxg6 Bf7 32. Rf6 Ke8 33. Nd4 Rg8 34.
Rxg8+ Bxg8 35. bxc3 bxc3 36. Nc2 Qb7 37. Qc1 Rc6 38. Qa3 Rb6 39. Qf8+ 1-0

[Event "XXXIV Festival A"]
[Site "Arco ITA"]
[Date "2012.10.18"]
[Round "6"]
[White "Duruz, Noe"]
[Black "Machlik, Jon"]
[WhiteElo "1930"]
[BlackElo "1732"]
[Result "1-0"]
[PlyCount "77"]
[EventDate "2012.10.13"]

1. e4 e5 2. Nf3 Nc6 3. d4 exd4 4. Nxd4 Bc5 5. Be3 Qf6 6. c3 Nge7 7. Bc4 O-O 8.
O-O Rd8 9. Nxc6 Qxc6 10. Bxf7+ Kxf7 11. Qh5+ Kg8 12. Bxc5 d6 13. Bd4 Qxe4 14.
Qg5 Qg6 15. Qxe7 Bh3 16. Qxg7+ Qxg7 17. Bxg7 Bxg2 18. Kxg2 Kxg7 19. Nd2 d5 20.
Rae1 Kf6 21. f4 c5 22. Re5 b6 23. Rfe1 Rd6 24. c4 Rad8 25. Kf3 Kg6 26. Rg1+ Kf7
27. Rf5+ Ke6 28. Rxd5 Rxd5 29. cxd5+ Rxd5 30. Ke3 b5 31. Rg7 Rh5 32. Nf3 c4 33.
Rg5 Rxg5 34. Nxg5+ Kf5 35. Nxh7 b4 36. Kd4 c3 37. bxc3 bxc3 38. Kxc3 Kxf4 39.
Kb4 1-0

[Event "XXXIV Festival A"]
[Site "Arco ITA"]
[Date "2012.10.18"]
[Round "6"]
[White "Ebeling, Jens"]
[Black "Mumelter, Igor"]
[WhiteElo "2011"]
[BlackElo "1837"]
[Result "1/2-1/2"]
[PlyCount "35"]
[EventDate "2012.10.13"]

1. e4 c6 2. d4 d5 3. e5 c5 4. dxc5 e6 5. Nf3 Bxc5 6. Bd3 Nc6 7. Qe2 f6 8. Be3
Bxe3 9. Qxe3 Nxe5 10. Nxe5 fxe5 11. Qxe5 Qf6 12. Qc7 Qe7 13. Bb5+ Kf7 14. Qf4+
Qf6 15. Qc7+ Qe7 16. Qf4+ Qf6 17. Qc7+ Qe7 18. Qf4+ 1/2-1/2

[Event "XXXIV Festival A"]
[Site "Arco ITA"]
[Date "2012.10.18"]
[Round "6"]
[White "Espinosa Cancino, Monica"]
[Black "Zangrando, Gianpietro"]
[WhiteElo "1530"]
[BlackElo "1800"]
[Result "0-1"]
[PlyCount "90"]
[EventDate "2012.10.13"]

1. d4 f5 2. Bf4 Nf6 3. e3 e6 4. Bd3 b6 5. Ne2 Bb7 6. f3 Be7 7. Nbc3 O-O 8. Qd2
Na6 9. a3 c5 10. Nb5 d5 11. c4 Ne8 12. Qc2 Nac7 13. Nxc7 Nxc7 14. b3 Rc8 15. a4
Na6 16. cxd5 Nb4 17. Qd2 Nxd3+ 18. Qxd3 exd5 19. O-O c4 20. Qc3 cxb3 21. Qxb3
Ba6 22. Rfe1 Bc4 23. Qb2 Bd6 24. Rac1 Qe7 25. Bxd6 Qxd6 26. Qb1 Rf6 27. Ng3 Qd7
28. Qb4 Rfc6 29. Qa3 g6 30. Qa1 h5 31. Nh1 Qc7 32. Rcd1 Bb3 33. Rb1 Rc3 34. h3
Qc4 35. a5 b5 36. Qb2 a6 37. Qa1 Rc2 38. Qa3 Rc3 39. Qa1 Kh7 40. Qb2 Ba4 41.
Qb4 Qc7 42. Qb2 Qxa5 43. Ra1 Rc2 44. Qa3 Qd2 45. Qe7+ Kh6 0-1

[Event "XXXIV Festival A"]
[Site "Arco ITA"]
[Date "2012.10.18"]
[Round "6"]
[White "Galas, Franco"]
[Black "Sigmund, Ingenuin"]
[WhiteElo "1735"]
[BlackElo "1776"]
[Result "0-1"]
[PlyCount "134"]
[EventDate "2012.10.13"]

1. d4 Nf6 2. Nf3 e6 3. e3 b6 4. c3 Bb7 5. Nbd2 Be7 6. Bd3 O-O 7. Qc2 h6 8. Ne4
Ne8 9. Bd2 d5 10. Ng3 c5 11. Ne5 Nd7 12. Nxd7 Qxd7 13. O-O Rc8 14. a3 f5 15. f4
g6 16. b4 Bf6 17. Qd1 Kf7 18. Nh1 Ng7 19. Be2 Rh8 20. Rf2 Ke7 21. b5 g5 22. Ng3
g4 23. a4 h5 24. Rf1 h4 25. Nh1 Ne8 26. Rc1 c4 27. Ra1 Nd6 28. Qc2 Ne4 29. Be1
Ra8 30. Qb2 Qc7 31. Qb4+ Kf7 32. g3 a6 33. bxa6 Rxa6 34. Rb1 Bc6 35. Bd1 Rha8
36. gxh4 Bd8 37. Ra1 b5 38. Ng3 Nd6 39. Rf2 bxa4 40. Rfa2 Rb6 41. Qa3 Be7 42.
Qc1 Rba6 43. h5 Nb7 44. Qd2 a3 45. Qg2 Na5 46. h3 gxh3 47. Qxh3 Nb3 48. Rb1 Rb6
49. h6 Kg8 50. Nh5 Kh8 51. h7 Be8 52. Ng7 Bg6 53. Bh5 Bxh5 54. Qxh5 Bf6 55. Ne8
Qe7 56. Nxf6 Qxf6 57. Bh4 Qf8 58. Kh2 Rb7 59. Rg1 Rxh7 60. Qg5 Qh6 61. Kh3 Qxg5
62. fxg5 Kg7 63. Rgg2 Kg6 64. Rh2 Nc1 65. Ra1 a2 66. Kg3 Rb7 67. Rh1 Nb3 0-1

[Event "XXXIV Festival A"]
[Site "Arco ITA"]
[Date "2012.10.18"]
[Round "6"]
[White "Gardini, Enrico"]
[Black "Buglisi, Massimo"]
[WhiteElo "1807"]
[BlackElo "1922"]
[Result "1-0"]
[PlyCount "129"]
[EventDate "2012.10.13"]

1. c4 d6 2. Nc3 e5 3. Nf3 f5 4. d3 Nf6 5. e4 Be7 6. Be2 O-O 7. exf5 Bxf5 8. Bg5
Nbd7 9. O-O c6 10. b4 d5 11. cxd5 Nxd5 12. Bxe7 Qxe7 13. Nxd5 cxd5 14. Qb3 Nf6
15. Rac1 Rac8 16. Nd2 Kh8 17. a3 Be6 18. Qb2 Qd6 19. Nf3 d4 20. Ng5 Bg8 21. Bf3
h6 22. Ne4 Nxe4 23. Bxe4 Bd5 24. Rfe1 Bxe4 25. Rxe4 Rxc1+ 26. Qxc1 Qa6 27. Qc5
Re8 28. b5 Qa5 29. Re1 Qc3 30. Qxa7 Qxd3 31. Qxb7 Qxa3 32. g3 Qc3 33. Rxe5 Rc8
34. Qe4 d3 35. Rd5 d2 36. Kg2 Rf8 37. Qd3 Qf6 38. Qxd2 Qf3+ 39. Kg1 Qb3 40. Qd3
Qb4 41. Rf5 Re8 42. Qf3 Kg8 43. Kg2 Rb8 44. Qd5+ Kh8 45. Qe5 Rc8 46. Rf7 Rg8
47. Rb7 Qg4 48. b6 Rf8 49. Rb8 Qf3+ 50. Kh3 Rxb8 51. Qxb8+ Kh7 52. Qf4 Qb7 53.
Qc7 Qf3 54. Qc2+ Kg8 55. Qc8+ Kh7 56. b7 Qxf2 57. b8=Q Qf1+ 58. Kg4 Qe2+ 59.
Kf5 g6+ 60. Kf4 Qd2+ 61. Ke5 Qe3+ 62. Kd6 Qd4+ 63. Kc6 Qc4+ 64. Kb7 Qb5+ 65.
Ka8 1-0

[Event "XXXIV Festival A"]
[Site "Arco ITA"]
[Date "2012.10.18"]
[Round "6"]
[White "Garvani, Vittorio"]
[Black "Antonelli, Fabrizio"]
[WhiteElo "1904"]
[BlackElo "2011"]
[Result "0-1"]
[PlyCount "84"]
[EventDate "2012.10.13"]

1. d4 Nf6 2. c4 g6 3. Nc3 Bg7 4. e4 d6 5. Nf3 O-O 6. Be2 e5 7. Be3 Nc6 8. d5
Ne7 9. Nd2 Nd7 10. b4 f5 11. f3 a5 12. bxa5 Rxa5 13. Nb3 Ra8 14. c5 f4 15. Bf2
g5 16. O-O Ng6 17. cxd6 cxd6 18. Nb5 Nf6 19. Qc2 Rf7 20. Rfc1 Ne8 21. a4 h5 22.
h3 g4 23. fxg4 hxg4 24. hxg4 Qg5 25. Qd1 Bf8 26. Bf3 Nf6 27. Nc7 Bxg4 28. Bxg4
Nxg4 29. Nxa8 f3 30. Rc7 Ne3 31. g3 Nxd1 32. Rxf7 Kxf7 33. Rxd1 Qg4 34. Kf1
Qxe4 35. Rc1 Qd3+ 36. Kg1 Qxb3 37. Rc7+ Be7 38. g4 Qxa4 39. Nb6 Qxg4+ 40. Kf1
e4 41. Nc8 e3 42. Nxd6+ Kg8 0-1

[Event "XXXIV Festival A"]
[Site "Arco ITA"]
[Date "2012.10.18"]
[Round "6"]
[White "Gulinelli, Euro"]
[Black "Pieri, Enzo"]
[WhiteElo "1633"]
[BlackElo "1740"]
[Result "1-0"]
[PlyCount "103"]
[EventDate "2012.10.13"]

1. e4 c6 2. d4 d5 3. Nc3 dxe4 4. Nxe4 Nf6 5. Nxf6+ exf6 6. Nf3 Bd6 7. g3 O-O 8.
Bg2 Re8+ 9. Be3 f5 10. O-O f4 11. Bc1 fxg3 12. fxg3 Bg4 13. Qd3 Nd7 14. Ng5 g6
15. Nxf7 Be2 16. Qb3 Qb6 17. Qxb6 axb6 18. Nh6+ Kh8 19. Rf7 Bc4 20. Bd2 Rad8
21. Bg5 Bf8 22. Rf2 Bxh6 23. Bxh6 Nf8 24. b3 Bd5 25. Bxd5 cxd5 26. Bxf8 Rxf8
27. Re1 Rxf2 28. Kxf2 Rd7 29. Re2 Kg7 30. Re5 Kf6 31. Ke3 b5 32. Kd3 b4 33. c4
bxc3 34. Kxc3 Rc7+ 35. Kd3 Rd7 36. a4 Rd6 37. Kc3 b6 38. Kb4 Rc6 39. Rxd5 Ke6
40. Rb5 Kd6 41. Rg5 Rc2 42. h4 Kc6 43. g4 Kd6 44. h5 gxh5 45. gxh5 Rc7 46. h6
Rc6 47. Rf5 Ke7 48. Rh5 Kd6 49. Kb5 Rc3 50. b4 Rb3 51. Kc4 Ra3 52. a5 1-0

[Event "XXXIV Festival A"]
[Site "Arco ITA"]
[Date "2012.10.18"]
[Round "6"]
[White "Horvath, Csaba"]
[Black "Arvola, Benjamin"]
[WhiteElo "2526"]
[BlackElo "2296"]
[Result "1-0"]
[PlyCount "73"]
[EventDate "2012.10.13"]

1. d4 Nf6 2. c4 g6 3. Nc3 Bg7 4. e4 d6 5. h3 O-O 6. Bg5 c5 7. d5 Qa5 8. Bd2 a6
9. Nf3 b5 10. Nxb5 Qb6 11. Nc3 Qxb2 12. Rb1 Qa3 13. Rb3 Qa5 14. Bd3 e5 15. O-O
Nh5 16. Re1 Qd8 17. Bf1 Nf4 18. Kh2 g5 19. g3 Nxh3 20. Bxh3 g4 21. Nh4 gxh3 22.
Nf5 Qf6 23. Qh5 Kh8 24. Qxh3 Nd7 25. Kg2 Rd8 26. Qh5 Rf8 27. Rh1 Qg6 28. Qxg6
fxg6 29. Nxg7 Kxg7 30. Bh6+ Kf6 31. Bxf8 Nxf8 32. Na4 h5 33. Rhb1 Bg4 34. Rb8
Rxb8 35. Rxb8 Ke7 36. f3 Bd7 37. Nb6 1-0

[Event "XXXIV Festival A"]
[Site "Arco ITA"]
[Date "2012.10.18"]
[Round "6"]
[White "Kierzek, Mira"]
[Black "Rygg, Snorre"]
[WhiteElo "2018"]
[BlackElo "1788"]
[Result "1-0"]
[PlyCount "57"]
[EventDate "2012.10.13"]

1. d4 d5 2. Nf3 Nf6 3. e3 e6 4. Bd3 c5 5. b3 Nc6 6. Bb2 b6 7. O-O Be7 8. Nbd2
O-O 9. Ne5 Bb7 10. f4 Rc8 11. a3 a6 12. c3 b5 13. Bc2 b4 14. cxb4 cxb4 15. a4
a5 16. Rc1 Qb6 17. g4 Rfd8 18. g5 Nd7 19. Nxf7 Kxf7 20. Qh5+ Kf8 21. Qxh7 Nf6
22. gxf6 Bxf6 23. Nf3 Ke7 24. Ne5 Nxe5 25. fxe5 Bxe5 26. dxe5 Qxe3+ 27. Rf2
Qg5+ 28. Rg2 Qe3+ 29. Kh1 1-0